[Event "DVM U16 2020"]
[Site "Willingen GER"]
[Date "2021.06.27"]
[Round "7"]
[White "Müller, Magnus"]
[Black "Lohr, Maximilian"]
[Result "1-0"]
[Termination "normal"]
[Board "1.2"]
[WhiteElo "2090"]
[BlackElo "2024"]
[WhiteClock "00:14:05"]
[BlackClock "00:00:41"]
[WhiteTeam "ESV Gera"]
[BlackTeam "FC Ergolding 1932 e.V."]
[PlyCount "81"]
[WhiteFideId "16230060"]
[BlackFideId "12999717"]
[EventCountry "GER"]
[EventRounds "7"]
[EventType "team-swiss"]
[EventDate "2021.06.23"]

1. d4 {[%clk 1:30:29]} 1... Nf6 {[%clk 1:30:38]} 2. c4 {[%clk 1:29:14]} 2... e6
{[%clk 1:30:48]} 3. Nf3 {[%clk 1:27:28]} 3... c5 {[%clk 1:30:35]} 4. g3 { [%clk
1:27:22]} 4... cxd4 {[%clk 1:28:39]} 5. Nxd4 {[%clk 1:27:37]} 5... Nc6 { [%clk
1:29:01]} 6. Bg2 {[%clk 1:27:49]} 6... a6 {[%clk 1:24:02]} 7. O-O { [%clk
1:27:56]} 7... Be7 {[%clk 1:24:10]} 8. Nc3 {[%clk 1:27:57]} 8... O-O { [%clk
1:24:11]} 9. b3 {[%clk 1:20:07]} 9... Qc7 {[%clk 1:23:19]} 10. Bb2 { [%clk
1:18:11]} 10... Rb8 {[%clk 1:21:29]} 11. e4 {[%clk 1:13:56]} 11... d6 { [%clk
1:11:41]} 12. Rc1 {[%clk 1:13:15]} 12... Nxd4 {[%clk 1:08:58]} 13. Qxd4 { [%clk
1:13:17]} 13... b6 {[%clk 1:08:12]} 14. h3 {[%clk 1:12:03]} 14... Bb7 { [%clk
1:07:46]} 15. Rfd1 {[%clk 1:10:53]} 15... Rfc8 {[%clk 1:04:22]} 16. Rd2 { [%clk
0:52:47]} 16... Ba8 {[%clk 1:02:55]} 17. Nd1 {[%clk 0:49:01]} 17... Qd8 { [%clk
0:55:13]} 18. Ne3 {[%clk 0:45:31]} 18... Rc7 {[%clk 0:51:06]} 19. Ng4 { [%clk
0:39:44]} 19... Rd7 {[%clk 0:50:06]} 20. Rcd1 {[%clk 0:36:13]} 20... Ne8 {[%clk
0:31:38]} 21. h4 {[%clk 0:29:59]} 21... h5 {[%clk 0:24:04]} 22. Ne3 { [%clk
0:26:45]} 22... Bf6 {[%clk 0:24:06]} 23. Qd3 {[%clk 0:26:41]} 23... Bxb2 {[%clk
0:24:28]} 24. Rxb2 {[%clk 0:27:09]} 24... Qc7 {[%clk 0:18:10]} 25. e5 { [%clk
0:24:06]} 25... Bxg2 {[%clk 0:17:32]} 26. Nxg2 {[%clk 0:24:32]} 26... Rbd8
{[%clk 0:16:02]} 27. Rbd2 {[%clk 0:24:12]} 27... d5 {[%clk 0:16:11]} 28. Qd4
{[%clk 0:21:02]} 28... Qc6 {[%clk 0:06:52]} 29. Nf4 {[%clk 0:21:06]} 29... g6
{[%clk 0:04:57]} 30. cxd5 {[%clk 0:21:30]} 30... exd5 {[%clk 0:05:22]} 31. e6
{[%clk 0:19:55]} 31... fxe6 {[%clk 0:05:23]} 32. Nxg6 {[%clk 0:20:13]} 32...
Rg7 {[%clk 0:05:19]} 33. Nf4 {[%clk 0:20:15]} 33... Rh7 {[%clk 0:04:51]} 34.
Re2 {[%clk 0:17:51]} 34... Ng7 {[%clk 0:04:13]} 35. Rde1 {[%clk 0:16:45]} 35...
Re8 {[%clk 0:03:22]} 36. Qf6 {[%clk 0:15:17]} 36... Rf8 {[%clk 0:01:19]} 37.
Qg5 {[%clk 0:14:38]} 37... Rf5 {[%clk 0:01:09]} 38. Qg6 {[%clk 0:14:49]} 38...
Rxf4 {[%clk 0:00:42]} 39. gxf4 {[%clk 0:15:03]} 39... Kh8 {[%clk 0:00:42]} 40.
f5 {[%clk 0:13:52]} 40... Nxf5 {[%clk 0:00:41]} 41. Rxe6 {[%clk 0:14:05]} 1-0

[Event "DVM U16 2020"]
[Site "Willingen GER"]
[Date "2021.06.27"]
[Round "7"]
[White "Astner, Sebastian"]
[Black "Schubert, Nikita"]
[Result "1/2-1/2"]
[Termination "normal"]
[Board "1.3"]
[WhiteElo "1894"]
[BlackElo "1917"]
[WhiteTeam "FC Ergolding 1932 e.V."]
[BlackTeam "ESV Gera"]
[PlyCount "82"]
[WhiteFideId "12979422"]
[BlackFideId "16212339"]
[EventCountry "GER"]
[EventRounds "7"]
[EventType "team-swiss"]
[EventDate "2021.06.23"]

1. e4 e5 2. Nf3 Nc6 3. d4 exd4 4. Nxd4 Nf6 5. Nxc6 bxc6 6. e5 Qe7 7. Qe2 Nd5 8.
c4 Ba6 9. Nd2 Nb4 10. Nf3 d5 11. b3 dxc4 12. bxc4 Rd8 13. Qe4 Qd7 14. Bd2 Bc8
15. Be2 Qf5 16. Qxf5 Bxf5 17. O-O Be7 18. Bc3 c5 19. a3 Nc6 20. Rfd1 O-O 21.
Kf1 Rxd1+ 22. Rxd1 Rb8 23. Nd2 Nd4 24. f3 Kf8 25. g4 Be6 26. Bd3 g6 27. Kg2 f6
28. exf6 Bxf6 29. Re1 Kf7 30. Rb1 Rxb1 31. Nxb1 Nc6 32. Be1 Ne5 33. Bf1 Nxc4
34. Bf2 Bd4 35. Bxc4 Bxc4 36. Nd2 Bd5 37. Bg3 c6 38. Kf1 c4 39. Ke2 c3 40. Ne4
Bc4+ 41. Ke1 Bd3 1/2-1/2

[Event "DVM U16 2020"]
[Site "Willingen GER"]
[Date "2021.06.27"]
[Round "7"]
[White "Nguyen, Alex Dac-Vuong"]
[Black "Stockmann, Till"]
[Result "1-0"]
[Termination "normal"]
[Board "2.1"]
[WhiteTitle "FM"]
[WhiteElo "2307"]
[BlackElo "1965"]
[WhiteClock "00:15:27"]
[BlackClock "00:23:48"]
[WhiteTeam "Schachgemeinschaft Leipzig"]
[BlackTeam "Schachzwerge Magdeburg"]
[PlyCount "77"]
[WhiteFideId "12984388"]
[BlackFideId "12979341"]
[EventCountry "GER"]
[EventRounds "7"]
[EventType "team-swiss"]
[EventDate "2021.06.23"]

1. c4 {[%clk 1:30:57]} 1... Nf6 {[%clk 1:30:30]} 2. Nc3 {[%clk 1:31:20]} 2...
g6 {[%clk 1:30:12]} 3. e4 {[%clk 1:31:45]} 3... d6 {[%clk 1:29:47]} 4. d4 {
[%clk 1:32:07]} 4... Bg7 {[%clk 1:29:38]} 5. Nge2 {[%clk 1:32:30]} 5... O-O {
[%clk 1:28:04]} 6. f3 {[%clk 1:32:55]} 6... c5 {[%clk 1:26:12]} 7. Be3 { [%clk
1:33:16]} 7... cxd4 {[%clk 1:22:45]} 8. Nxd4 {[%clk 1:33:38]} 8... Nc6 { [%clk
1:22:59]} 9. Nc2 {[%clk 1:34:01]} 9... Be6 {[%clk 1:22:19]} 10. Be2 { [%clk
1:34:00]} 10... Qa5 {[%clk 1:15:46]} 11. O-O {[%clk 1:20:26]} 11... Ne5 { [%clk
1:10:50]} 12. Nd5 {[%clk 1:16:10]} 12... Bxd5 {[%clk 1:06:52]} 13. exd5 { [%clk
1:13:46]} 13... Rfc8 {[%clk 1:05:53]} 14. b3 {[%clk 1:05:03]} 14... a6 { [%clk
1:04:42]} 15. Nd4 {[%clk 1:03:14]} 15... Rab8 {[%clk 1:02:08]} 16. a4 { [%clk
1:00:03]} 16... h5 {[%clk 0:57:43]} 17. h3 {[%clk 0:52:13]} 17... Kh7 { [%clk
0:56:32]} 18. Qe1 {[%clk 0:52:03]} 18... Qxe1 {[%clk 0:55:10]} 19. Rfxe1 {[%clk
0:49:58]} 19... Bh6 {[%clk 0:55:14]} 20. f4 {[%clk 0:46:13]} 20... Ned7 {[%clk
0:55:18]} 21. g4 {[%clk 0:44:14]} 21... Bg7 {[%clk 0:54:36]} 22. Rab1 { [%clk
0:34:36]} 22... Nc5 {[%clk 0:52:37]} 23. Rec1 {[%clk 0:33:25]} 23... Nfe4
{[%clk 0:51:18]} 24. gxh5 {[%clk 0:25:07]} 24... gxh5 {[%clk 0:50:26]} 25. b4 {
[%clk 0:25:22]} 25... Bxd4 {[%clk 0:39:37]} 26. Bxd4 {[%clk 0:25:48]} 26... Ng3
{[%clk 0:39:50]} 27. Bd1 {[%clk 0:22:58]} 27... Nce4 {[%clk 0:37:04]} 28. Rb2 {
[%clk 0:18:03]} 28... Rg8 {[%clk 0:34:26]} 29. Rg2 {[%clk 0:18:26]} 29... Nf5 {
[%clk 0:34:27]} 30. Bc2 {[%clk 0:14:36]} 30... Nxd4 {[%clk 0:26:44]} 31. Bxe4+
{[%clk 0:14:53]} 31... f5 {[%clk 0:26:45]} 32. Bd3 {[%clk 0:15:14]} 32... Rxg2+
{[%clk 0:26:36]} 33. Kxg2 {[%clk 0:15:29]} 33... Rg8+ {[%clk 0:26:52]} 34. Kf2
{[%clk 0:15:52]} 34... h4 {[%clk 0:25:34]} 35. Re1 {[%clk 0:14:41]} 35... Rg7 {
[%clk 0:25:16]} 36. Ke3 {[%clk 0:14:36]} 36... Nb3 {[%clk 0:25:36]} 37. Bxf5+ {
[%clk 0:15:02]} 37... Kg8 {[%clk 0:25:40]} 38. Bg4 {[%clk 0:15:15]} 38... a5 {
[%clk 0:23:48]} 39. Rb1 {[%clk 0:15:27]} 1-0

[Event "DVM U16 2020"]
[Site "Willingen GER"]
[Date "2021.06.27"]
[Round "7"]
[White "Heutling, Elina"]
[Black "Haufe, Laurin"]
[Result "1-0"]
[Termination "normal"]
[Board "2.2"]
[WhiteElo "1922"]
[BlackElo "2052"]
[WhiteClock "00:03:22"]
[BlackClock "00:11:16"]
[WhiteTeam "Schachzwerge Magdeburg"]
[BlackTeam "Schachgemeinschaft Leipzig"]
[PlyCount "120"]
[WhiteFideId "16244729"]
[BlackFideId "12976504"]
[EventCountry "GER"]
[EventRounds "7"]
[EventType "team-swiss"]
[EventDate "2021.06.23"]

1. e4 {[%clk 1:30:58]} 1... c5 {[%clk 1:30:54]} 2. Nf3 {[%clk 1:31:24]} 2... d6
{[%clk 1:31:20]} 3. d4 {[%clk 1:31:50]} 3... cxd4 {[%clk 1:31:46]} 4. Nxd4 {
[%clk 1:32:14]} 4... Nf6 {[%clk 1:32:12]} 5. Nc3 {[%clk 1:32:39]} 5... a6 {
[%clk 1:32:38]} 6. Rg1 {[%clk 1:32:22]} 6... e5 {[%clk 1:29:37]} 7. Nb3 { [%clk
1:32:44]} 7... h5 {[%clk 1:28:01]} 8. Bg5 {[%clk 1:32:37]} 8... Be6 { [%clk
1:26:37]} 9. Qd2 {[%clk 1:22:09]} 9... Nbd7 {[%clk 1:25:02]} 10. f4 { [%clk
1:19:14]} 10... Qb6 {[%clk 1:19:47]} 11. Rh1 {[%clk 1:16:47]} 11... Be7 { [%clk
1:05:39]} 12. f5 {[%clk 1:09:44]} 12... Bxb3 {[%clk 1:06:00]} 13. axb3 { [%clk
1:09:43]} 13... Nc5 {[%clk 1:05:39]} 14. Bb5+ {[%clk 0:59:40]} 14... Kf8 {[%clk
1:04:26]} 15. Bxf6 {[%clk 0:59:48]} 15... Bxf6 {[%clk 1:04:45]} 16. Bc4 {[%clk
0:50:32]} 16... Qc6 {[%clk 0:41:29]} 17. Qd5 {[%clk 0:42:52]} 17... Qxd5 {[%clk
0:40:52]} 18. Bxd5 {[%clk 0:43:19]} 18... Rb8 {[%clk 0:39:12]} 19. b4 { [%clk
0:37:10]} 19... Nd7 {[%clk 0:39:34]} 20. b5 {[%clk 0:35:30]} 20... axb5 { [%clk
0:38:20]} 21. Ra7 {[%clk 0:28:21]} 21... b4 {[%clk 0:03:34]} 22. Nb5 { [%clk
0:19:50]} 22... Rh6 {[%clk 0:03:45]} 23. Ke2 {[%clk 0:08:45]} 23... Bd8 { [%clk
0:03:01]} 24. Rha1 {[%clk 0:04:59]} 24... Nc5 {[%clk 0:01:26]} 25. c3 { [%clk
0:03:02]} 25... b3 {[%clk 0:00:56]} 26. Ra8 {[%clk 0:00:54]} 26... Rxa8 { [%clk
0:01:22]} 27. Rxa8 {[%clk 0:01:22]} 27... Ke8 {[%clk 0:00:44]} 28. Rb8 { [%clk
0:00:57]} 28... b6 {[%clk 0:00:58]} 29. Bc6+ {[%clk 0:01:02]} 29... Ke7 { [%clk
0:00:52]} 30. c4 {[%clk 0:00:55]} 30... Na4 {[%clk 0:00:33]} 31. Rb7+ { [%clk
0:00:53]} 31... Kf8 {[%clk 0:00:37]} 32. Bd5 {[%clk 0:00:47]} 32... Rf6 { [%clk
0:00:50]} 33. Rd7 {[%clk 0:00:43]} 33... Be7 {[%clk 0:01:10]} 34. Ra7 { [%clk
0:01:06]} 34... Nxb2 {[%clk 0:00:37]} 35. Ra8+ {[%clk 0:01:08]} 35... Bd8
{[%clk 0:01:05]} 36. Rxd8+ {[%clk 0:01:30]} 36... Ke7 {[%clk 0:01:29]} 37. Ra8
{[%clk 0:01:27]} 37... g6 {[%clk 0:01:47]} 38. fxg6 {[%clk 0:01:00]} 38... Rxg6
{[%clk 0:02:01]} 39. Ra7+ {[%clk 0:01:02]} 39... Kd8 {[%clk 0:02:25]} 40. g3 {
[%clk 0:00:52]} 40... h4 {[%clk 0:00:46]} 41. Bxf7 {[%clk 0:22:19]} 41... Rg7 {
[%clk 0:28:53]} 42. Be6 {[%clk 0:18:18]} 42... Rxa7 {[%clk 0:26:47]} 43. Nxa7 {
[%clk 0:18:45]} 43... hxg3 {[%clk 0:27:00]} 44. hxg3 {[%clk 0:19:10]} 44... Na4
{[%clk 0:26:52]} 45. Kd2 {[%clk 0:18:18]} 45... b2 {[%clk 0:26:54]} 46. Kc2 {
[%clk 0:18:43]} 46... Nc3 {[%clk 0:27:03]} 47. Kxb2 {[%clk 0:18:36]} 47... Nxe4
{[%clk 0:27:28]} 48. g4 {[%clk 0:18:13]} 48... Ng5 {[%clk 0:25:27]} 49. Bd5 {
[%clk 0:16:36]} 49... Nh3 {[%clk 0:18:27]} 50. Kc2 {[%clk 0:14:35]} 50... Ke7 {
[%clk 0:13:25]} 51. Nc8+ {[%clk 0:08:50]} 51... Kf6 {[%clk 0:13:48]} 52. Nxd6 {
[%clk 0:08:46]} 52... Ng1 {[%clk 0:11:30]} 53. Ne4+ {[%clk 0:05:38]} 53... Ke7
{[%clk 0:11:39]} 54. Kd3 {[%clk 0:03:55]} 54... Nh3 {[%clk 0:11:49]} 55. Ke3 {
[%clk 0:03:01]} 55... Nf4 {[%clk 0:12:05]} 56. Nc3 {[%clk 0:03:18]} 56... Kf6 {
[%clk 0:11:47]} 57. Be4 {[%clk 0:03:16]} 57... Kg5 {[%clk 0:11:39]} 58. Bf5 {
[%clk 0:03:23]} 58... Nh3 {[%clk 0:10:38]} 59. Ke4 {[%clk 0:03:19]} 59... Ng1 {
[%clk 0:11:00]} 60. Kxe5 {[%clk 0:03:22]} 60... Nf3+ {[%clk 0:11:16]} 1-0

[Event "DVM U16 2020"]
[Site "Willingen GER"]
[Date "2021.06.27"]
[Round "7"]
[White "Fromm, Marius"]
[Black "Weihrauch, Jakob"]
[Result "1/2-1/2"]
[Termination "normal"]
[Board "3.1"]
[WhiteElo "2297"]
[BlackElo "2146"]
[WhiteClock "00:12:30"]
[BlackClock "00:18:03"]
[WhiteTeam "Greifswalder SV"]
[BlackTeam "Hamburger SK von 1830"]
[PlyCount "96"]
[WhiteFideId "12993190"]
[BlackFideId "16210115"]
[EventCountry "GER"]
[EventRounds "7"]
[EventType "team-swiss"]
[EventDate "2021.06.23"]

1. e4 {[%clk 1:30:55]} 1... c5 {[%clk 1:30:47]} 2. Nf3 {[%clk 1:31:22]} 2... d6
{[%clk 1:31:07]} 3. Bb5+ {[%clk 1:31:46]} 3... Nd7 {[%clk 1:31:30]} 4. d4 {
[%clk 1:32:01]} 4... cxd4 {[%clk 1:31:54]} 5. Qxd4 {[%clk 1:32:26]} 5... a6 {
[%clk 1:31:55]} 6. Bxd7+ {[%clk 1:32:35]} 6... Bxd7 {[%clk 1:32:19]} 7. Nc3 {
[%clk 1:32:48]} 7... e5 {[%clk 1:32:39]} 8. Qd3 {[%clk 1:33:14]} 8... Rc8 {
[%clk 1:31:37]} 9. O-O {[%clk 1:32:59]} 9... h6 {[%clk 1:31:34]} 10. Rd1 {
[%clk 1:32:25]} 10... Nf6 {[%clk 1:30:26]} 11. Nd2 {[%clk 1:32:40]} 11... Qc7 {
[%clk 1:29:37]} 12. Nf1 {[%clk 1:31:55]} 12... Bg4 {[%clk 1:29:58]} 13. f3 {
[%clk 1:32:00]} 13... Be6 {[%clk 1:30:24]} 14. Ne3 {[%clk 1:32:25]} 14... Be7 {
[%clk 1:30:23]} 15. Bd2 {[%clk 1:31:29]} 15... O-O {[%clk 1:30:24]} 16. Be1 {
[%clk 1:22:24]} 16... Rfd8 {[%clk 1:29:06]} 17. Bf2 {[%clk 1:19:07]} 17... d5 {
[%clk 1:11:03]} 18. Ncxd5 {[%clk 1:06:15]} 18... Bxd5 {[%clk 1:09:57]} 19. exd5
{[%clk 1:06:39]} 19... Bc5 {[%clk 1:10:11]} 20. c3 {[%clk 1:03:06]} 20... Bxe3
{[%clk 1:08:39]} 21. Qxe3 {[%clk 1:03:16]} 21... Nxd5 {[%clk 1:08:19]} 22. Qe4
{[%clk 1:01:50]} 22... Nf4 {[%clk 0:59:58]} 23. c4 {[%clk 0:57:36]} 23... Rd6 {
[%clk 0:39:40]} 24. Rxd6 {[%clk 0:37:02]} 24... Qxd6 {[%clk 0:40:03]} 25. c5 {
[%clk 0:37:18]} 25... Qe7 {[%clk 0:36:10]} 26. b4 {[%clk 0:35:45]} 26... Rd8 {
[%clk 0:35:39]} 27. Be3 {[%clk 0:30:42]} 27... Ne2+ {[%clk 0:28:52]} 28. Kh1 {
[%clk 0:30:20]} 28... Qd7 {[%clk 0:24:31]} 29. Re1 {[%clk 0:27:39]} 29... Nd4 {
[%clk 0:18:32]} 30. Bf2 {[%clk 0:23:27]} 30... Nc6 {[%clk 0:16:21]} 31. Bh4 {
[%clk 0:18:27]} 31... g5 {[%clk 0:11:13]} 32. Bg3 {[%clk 0:18:15]} 32... Qd4 {
[%clk 0:07:50]} 33. Qf5 {[%clk 0:16:17]} 33... Qxb4 {[%clk 0:08:02]} 34. Qf6 {
[%clk 0:15:38]} 34... Re8 {[%clk 0:01:51]} 35. Qxh6 {[%clk 0:15:58]} 35... Re6
{[%clk 0:02:18]} 36. Qxg5+ {[%clk 0:16:16]} 36... Rg6 {[%clk 0:02:46]} 37. Qe3
{[%clk 0:15:38]} 37... Qb2 {[%clk 0:01:26]} 38. f4 {[%clk 0:11:00]} 38... exf4
{[%clk 0:01:25]} 39. Qxf4 {[%clk 0:11:27]} 39... Qxa2 {[%clk 0:01:00]} 40. Qc7
{[%clk 0:05:03]} 40... Qb2 {[%clk 0:00:38]} 41. Rf1 {[%clk 0:27:33]} 41... Rf6
{[%clk 0:27:10]} 42. Qc8+ {[%clk 0:26:57]} 42... Kg7 {[%clk 0:26:56]} 43. Qg4+
{[%clk 0:26:09]} 43... Rg6 {[%clk 0:26:57]} 44. Qe4 {[%clk 0:19:41]} 44... Re6
{[%clk 0:24:00]} 45. Qg4+ {[%clk 0:15:12]} 45... Rg6 {[%clk 0:24:24]} 46. Qd7 {
[%clk 0:15:33]} 46... Rf6 {[%clk 0:24:24]} 47. Re1 {[%clk 0:15:00]} 47... Qc3 {
[%clk 0:19:39]} 48. Rd1 {[%clk 0:12:30]} 48... Qxc5 {[%clk 0:18:03]} 1/2-1/2

[Event "DVM U16 2020"]
[Site "Willingen GER"]
[Date "2021.06.27"]
[Round "7"]
[White "Kotyk, Michael"]
[Black "Troyke, Jannis"]
[Result "1/2-1/2"]
[Termination "normal"]
[Board "3.2"]
[WhiteElo "1960"]
[BlackElo "1911"]
[WhiteClock "00:09:43"]
[BlackClock "00:02:40"]
[WhiteTeam "Hamburger SK von 1830"]
[BlackTeam "Greifswalder SV"]
[PlyCount "58"]
[WhiteFideId "16214501"]
[BlackFideId "12993115"]
[EventCountry "GER"]
[EventRounds "7"]
[EventType "team-swiss"]
[EventDate "2021.06.23"]

1. d4 {[%clk 1:30:57]} 1... d5 {[%clk 1:30:30]} 2. c4 {[%clk 1:31:21]} 2... c6
{[%clk 1:30:57]} 3. cxd5 {[%clk 1:31:48]} 3... cxd5 {[%clk 1:31:23]} 4. Nc3 {
[%clk 1:32:13]} 4... Nf6 {[%clk 1:31:47]} 5. Bf4 {[%clk 1:31:25]} 5... Nc6 {
[%clk 1:32:05]} 6. Nf3 {[%clk 1:29:00]} 6... Bf5 {[%clk 1:27:46]} 7. Qb3 {
[%clk 1:28:39]} 7... Na5 {[%clk 1:28:08]} 8. Qa4+ {[%clk 1:29:02]} 8... Bd7 {
[%clk 1:28:32]} 9. Qd1 {[%clk 1:29:24]} 9... e6 {[%clk 1:27:58]} 10. e3 { [%clk
1:28:08]} 10... Be7 {[%clk 1:16:16]} 11. Ne5 {[%clk 1:25:44]} 11... O-O { [%clk
1:13:43]} 12. Bd3 {[%clk 1:24:23]} 12... Rc8 {[%clk 1:10:25]} 13. O-O { [%clk
1:19:29]} 13... a6 {[%clk 1:03:58]} 14. Rc1 {[%clk 0:52:06]} 14... b5 { [%clk
0:57:58]} 15. a4 {[%clk 0:50:11]} 15... Nc4 {[%clk 0:54:45]} 16. Qe2 { [%clk
0:47:14]} 16... Qa5 {[%clk 0:31:47]} 17. Nxd7 {[%clk 0:43:13]} 17... Nxd7
{[%clk 0:30:12]} 18. axb5 {[%clk 0:40:00]} 18... axb5 {[%clk 0:25:08]} 19. b3 {
[%clk 0:37:25]} 19... Ba3 {[%clk 0:07:16]} 20. Rc2 {[%clk 0:31:03]} 20... Nb2 {
[%clk 0:07:22]} 21. Nd1 {[%clk 0:11:07]} 21... Nxd3 {[%clk 0:03:27]} 22. Qxd3 {
[%clk 0:11:34]} 22... Rxc2 {[%clk 0:03:47]} 23. Qxc2 {[%clk 0:12:02]} 23... Qa6
{[%clk 0:03:49]} 24. Qd3 {[%clk 0:10:12]} 24... Qc6 {[%clk 0:02:43]} 25. Nc3 {
[%clk 0:10:04]} 25... b4 {[%clk 0:02:27]} 26. Na4 {[%clk 0:10:16]} 26... Rc8 {
[%clk 0:02:29]} 27. h3 {[%clk 0:09:59]} 27... Nb6 {[%clk 0:02:15]} 28. Nc5 {
[%clk 0:10:00]} 28... Nd7 {[%clk 0:02:40]} 29. Na4 {[%clk 0:09:43]} 29... Nb6
1/2-1/2

[Event "DVM U16 2020"]
[Site "Willingen GER"]
[Date "2021.06.27"]
[Round "7"]
[White "Kallweit, Paul"]
[Black "von Krosigk, Florian"]
[Result "0-1"]
[Termination "normal"]
[Board "3.3"]
[WhiteElo "1832"]
[BlackElo "1941"]
[WhiteClock "00:01:20"]
[BlackClock "00:02:28"]
[WhiteTeam "Greifswalder SV"]
[BlackTeam "Hamburger SK von 1830"]
[PlyCount "68"]
[WhiteFideId "16228081"]
[BlackFideId "16227808"]
[EventCountry "GER"]
[EventRounds "7"]
[EventType "team-swiss"]
[EventDate "2021.06.23"]

1. d4 {[%clk 1:30:56]} 1... Nf6 {[%clk 1:30:53]} 2. c4 {[%clk 1:30:58]} 2... e6
{[%clk 1:30:48]} 3. Nc3 {[%clk 1:31:20]} 3... Bb4 {[%clk 1:29:58]} 4. Qc2 {
[%clk 1:29:23]} 4... O-O {[%clk 1:24:52]} 5. e4 {[%clk 1:27:44]} 5... Bxc3+ {
[%clk 1:19:35]} 6. bxc3 {[%clk 1:27:57]} 6... d6 {[%clk 1:16:23]} 7. Bd3 {
[%clk 1:26:30]} 7... e5 {[%clk 1:11:04]} 8. Ne2 {[%clk 1:23:46]} 8... b6 {
[%clk 1:07:29]} 9. O-O {[%clk 1:16:19]} 9... h6 {[%clk 0:59:20]} 10. Be3 {
[%clk 0:48:08]} 10... Nc6 {[%clk 0:49:00]} 11. Rad1 {[%clk 0:44:18]} 11... Bb7
{[%clk 0:43:35]} 12. a3 {[%clk 0:42:39]} 12... Qe7 {[%clk 0:34:11]} 13. h3 {
[%clk 0:32:15]} 13... Na5 {[%clk 0:29:57]} 14. Ng3 {[%clk 0:30:23]} 14... Rae8
{[%clk 0:22:03]} 15. Rfe1 {[%clk 0:28:25]} 15... Kh7 {[%clk 0:17:23]} 16. Bc1 {
[%clk 0:20:29]} 16... Ng8 {[%clk 0:13:01]} 17. Nf1 {[%clk 0:17:51]} 17... Qf6 {
[%clk 0:10:41]} 18. Ne3 {[%clk 0:17:44]} 18... g6 {[%clk 0:08:22]} 19. Nd5 {
[%clk 0:16:18]} 19... Qd8 {[%clk 0:08:38]} 20. Bb2 {[%clk 0:15:25]} 20... Bc8 {
[%clk 0:07:44]} 21. Ne3 {[%clk 0:14:12]} 21... Qg5 {[%clk 0:05:52]} 22. Kf1 {
[%clk 0:12:04]} 22... f5 {[%clk 0:04:29]} 23. exf5 {[%clk 0:09:18]} 23... gxf5
{[%clk 0:04:49]} 24. Bc1 {[%clk 0:08:26]} 24... Qh5 {[%clk 0:03:02]} 25. Nd5 {
[%clk 0:07:36]} 25... c6 {[%clk 0:02:29]} 26. Ne3 {[%clk 0:06:18]} 26... e4 {
[%clk 0:02:20]} 27. Qe2 {[%clk 0:06:24]} 27... Qh4 {[%clk 0:02:21]} 28. Bc2 {
[%clk 0:04:51]} 28... f4 {[%clk 0:02:17]} 29. Ng4 {[%clk 0:03:53]} 29... f3 {
[%clk 0:02:15]} 30. Bxe4+ {[%clk 0:03:03]} 30... Kh8 {[%clk 0:02:39]} 31. Qc2 {
[%clk 0:02:56]} 31... Bxg4 {[%clk 0:02:37]} 32. Re3 {[%clk 0:01:05]} 32...
fxg2+ {[%clk 0:02:52]} 33. Kxg2 {[%clk 0:01:19]} 33... Bxd1 {[%clk 0:03:04]}
34. Qxd1 {[%clk 0:01:20]} 34... Qxf2+ {[%clk 0:02:28]} 0-1

[Event "DVM U16 2020"]
[Site "Willingen GER"]
[Date "2021.06.27"]
[Round "7"]
[White "Mandelkow, Elias"]
[Black "Khanbekyan, Areg"]
[Result "0-1"]
[Termination "normal"]
[Board "3.4"]
[WhiteElo "1782"]
[BlackElo "1576"]
[WhiteClock "00:22:09"]
[BlackClock "00:03:36"]
[WhiteTeam "Hamburger SK von 1830"]
[BlackTeam "Greifswalder SV"]
[PlyCount "74"]
[WhiteFideId "16233239"]
[BlackFideId "12993727"]
[EventCountry "GER"]
[EventRounds "7"]
[EventType "team-swiss"]
[EventDate "2021.06.23"]

1. d4 {[%clk 1:30:51]} 1... Nf6 {[%clk 1:30:33]} 2. c4 {[%clk 1:30:49]} 2... c5
{[%clk 1:30:39]} 3. Nf3 {[%clk 1:31:11]} 3... cxd4 {[%clk 1:30:28]} 4. Nxd4 {
[%clk 1:31:34]} 4... Nc6 {[%clk 1:30:36]} 5. Nc3 {[%clk 1:31:16]} 5... g6 {
[%clk 1:30:35]} 6. e4 {[%clk 1:31:18]} 6... d6 {[%clk 1:30:40]} 7. Be2 { [%clk
1:30:47]} 7... Nxd4 {[%clk 1:30:43]} 8. Qxd4 {[%clk 1:31:09]} 8... Bg7 { [%clk
1:30:55]} 9. f3 {[%clk 1:30:29]} 9... O-O {[%clk 1:30:52]} 10. Qf2 { [%clk
1:30:10]} 10... Be6 {[%clk 1:30:44]} 11. Be3 {[%clk 1:29:52]} 11... Qa5 { [%clk
1:29:26]} 12. O-O {[%clk 1:29:15]} 12... Rfc8 {[%clk 1:29:20]} 13. Nd5 { [%clk
1:25:03]} 13... Bxd5 {[%clk 1:25:51]} 14. exd5 {[%clk 1:23:05]} 14... a6 {[%clk
1:13:03]} 15. Bd3 {[%clk 1:14:42]} 15... b5 {[%clk 1:02:06]} 16. b3 { [%clk
1:08:57]} 16... bxc4 {[%clk 0:56:31]} 17. bxc4 {[%clk 1:07:53]} 17... Nd7
{[%clk 0:52:13]} 18. Rac1 {[%clk 1:01:16]} 18... Ne5 {[%clk 0:47:51]} 19. Rfd1
{[%clk 0:59:31]} 19... Rab8 {[%clk 0:39:33]} 20. Qh4 {[%clk 0:55:15]} 20... Qa3
{[%clk 0:33:50]} 21. Bd4 {[%clk 0:46:21]} 21... Nxd3 {[%clk 0:22:23]} 22. Rc3 {
[%clk 0:44:55]} 22... Bxd4+ {[%clk 0:11:35]} 23. Qxd4 {[%clk 0:44:29]} 23...
Qxa2 {[%clk 0:11:55]} 24. Qxd3 {[%clk 0:44:14]} 24... Rb2 {[%clk 0:11:25]} 25.
Qf1 {[%clk 0:43:53]} 25... a5 {[%clk 0:08:32]} 26. Kh1 {[%clk 0:43:07]} 26...
Rf2 {[%clk 0:07:33]} 27. Qg1 {[%clk 0:42:57]} 27... Rb8 {[%clk 0:07:02]} 28.
Re3 {[%clk 0:32:51]} 28... Rbb2 {[%clk 0:06:03]} 29. Rxe7 29... Qxc4 { [%clk
0:04:59]} 30. Re4 {[%clk 0:26:51]} 30... Qc3 {[%clk 0:03:19]} 31. h3 { [%clk
0:23:08]} 31... Rxg2 {[%clk 0:02:45]} 32. Re8+ {[%clk 0:21:58]} 32... Kg7
{[%clk 0:03:10]} 33. Qd4+ {[%clk 0:22:05]} 33... Qxd4 {[%clk 0:03:39]} 34. Rxd4
{[%clk 0:22:21]} 34... Rh2+ {[%clk 0:04:05]} 35. Kg1 {[%clk 0:22:44]} 35...
Rhg2+ {[%clk 0:04:12]} 36. Kf1 {[%clk 0:22:22]} 36... Rh2 {[%clk 0:04:35]} 37.
Kg1 {[%clk 0:22:09]} 37... Rhd2 {[%clk 0:03:36]} 0-1